Normal view
MARC view
- México.
Entry Nombre Corporativo
001 - NÚMERO DE CONTROL
- campo de control: 53650
003 - IDENTIFICADOR DE NUMERO DE CONTROL
- campo de control: MX-MxUPN
005 - FECHA Y HORA DE LA ÜLTIMA TRANSACCIÓN
- campo de control: 20240923090528.0
008 - DATOS DE LONGITUD FIJA
- campo de control de longitud fija: 240920|| acn||aabn | a|a d
040 ## - FUENTE DE CATALOGACIÓN
- Agencia original de catalogación: MX-MxUPN
- Lenguaje de catalogación: spa
- Agencia transcribe: MX-MxUPN
110 1# - ENCABEZAMIENTO - NOMBRE CORPORATIVO
- Nombre corporativo o de jurisdicción como elemento de entrada : México.
- Unidad subordinada: Secretaría de Educación Pública.
- Unidad subordinada: Bibliotecas Populares
670 ## - FUENTE EN LA QUE SE LOCALIZARON DATOS
- Cita de la fuente : Platón. Diálogos, 1922 :
- Información localizada: portada (sello de la Secretaria de Educación Pública. Bibliotecas Populares)
902 ## - CATALOGADOR
- Catalogador: MaríaRobles/190924
